000 00875nam a2200229 i 4500
001 67113
003 ES-MaACL
005 20250806062529.0
007 t|
008 040506s1990 sp ||||1| spa d
080 _a929-055.2(460)"17"
100 1 _aBarbeito Carneiro, María Isabel.
_925400
245 1 0 _aMujeres del siglo XVII entre Europa y Madrid /
_cpor María Isabel Barbeito Carneiro.
260 _aMadrid :
_bAyuntamiento :
_bInstituto de Estudios Madrileños,
_c1990.
300 _a25 p. ;
_c21 cm.
490 1 _aCiclo de conferencias: Madrid, capital europea de la cultura ;
_v2
650 4 _aMujeres-
_zEspaña-
_yS.XVII-
_xBiografías.
_915281
710 2 _aInstituto de Estudios Madrileños
_94916
830 0 _aCiclo de conferencias: Madrid, capital europea de la cultura ;
_v2
_9183110
852 _aES-MaACL
_j2173-F-24
_bR.133747
999 _c67113
_d67113